000 00856nas a2200253 4500
001 BR0705830
003 BR-BrBNA
005 20231205111207.0
007 ta
008 230509b bl.|||p| |||| 00| 00por d
040 _aBR-BrBNA
_bpor
_cBiblioteca Nacional de Agricultura
041 _a(Pt)
072 _aL40; L50
100 1 _aHolzchuh, M.P.
245 1 _aIrrigação arterial no baço de gatos (Felis catus Linnaeus, 1758)
_bEstudo experimental anátomo-fisiológico
650 _aANATOMIA ANIMAL
650 _aGATO
650 _aFISIOLOGIA ANIMAL
650 _aBAÇO
650 _aIRRIGAÇÃO ARTERIAL
773 0 _tRevista da Faculdade de Medicina Veterinária e Zootecnia da Universidade de São Paulo (Brazil)
_xISSN 0303-7525
_g(1977), v. 14(2) p. 205-230
_wBR0705830
909 _a202311
_bLúcia
_c55
_dLúcia Elande
942 _2AGRIS
_n0
_cANA
999 _c191254
_d191254